Bioťica con trazos Jurd̕icos

Detalles Bibliográficos
Autor principal: Albarellos Gonzl̀ez, Laura Adriana
Formato: eBook
Lenguaje:español
Publicado: Mx̌ico D.F: Editorial Porra︢, 2006
Materias:
Acceso en línea:Acceso restringido

MARC

LEADER 00000nam a22000007a 4500
005 20140129182934.0
007 cr|||| ||||
008 140129s2006 mx |||||s|||| 00||0 spa d
020 |a 970-07-6960-7 
035 |a 11767 
040 |a vLex 
090 |c 4697  |d 4697 
100 1 |a Albarellos Gonzl̀ez, Laura Adriana 
245 1 0 |a Bioťica con trazos Jurd̕icos  |h [Recurso electrn̤ico] /  |c Laura Adriana Albarellos Gonzl̀ez  
256 |a Servicio en ln̕ea 
260 |a Mx̌ico D.F:  |b Editorial Porra︢,  |c 2006 
300 |a 1 recurso electrn̤ico 
506 1 |a Contenido disponible en los productos indicados  |d vLex Global  |d vLex Global (Academic Edition, excluding Law Schools)  |d vLex Global (U.S. Academic Edition, Law Schools)  |d vLex Global (U.S. Academic Edition, excluding Law Schools)  |d vLex Global (Academic Edition, Law Schools) 
650 0 4 |a Bioťica   |z Mx̌ico 
650 0 4 |a Medicina  |z Mx̌ico 
740 0 |a vLex Libros (Servicio en ln̕ea) 
856 4 0 |u http://vlex.com/source/bioetica-trazos-juridicos-11767  |z Acceso restringido 
942 |c BOOK 
999 0 |a Bioethics 
999 0 |a Medicine